000 02191nam a2200589 i 4500
001 33906
003 KOSZ 005
005 20220530113623.0
008 981014s1997 pl a |100 0 pol d
015 _aUWD 1998/13946
020 _a838666875X
035 _a991006934969705066
035 _a(PL-WaBN)b1180306x-48omnis_nlop
035 _ab1180306x
035 _a(OCoLC)835844549
035 _azz2006934868
035 _a(PL)b0000001180306
035 _a(EXLNZ-48OMNIS_NETWORK)9910182022605606
040 _aWA N
_cWA N
_dWA N
_dKOSZ 005/HR
041 0 _apol
_beng
046 _k1997
080 _a159.923
080 _a616.895
080 _a159.94
080 _a(06)
245 0 0 _aWybrane zagadnienia z psychologii osobowości /
_cpod red. Piotra Olesia ; Towarzystwo Naukowe Katolickiego Uniwersytetu Lubelskiego, Katedra Psychologii Klinicznej i Osobowości KUL.
260 _aLublin :
_bTNKUL. Wydawnictwo,
_c1997.
300 _a315, [5] s., [1] k. tabl. :
_b1 portr., wykr. ;
_c24 cm.
336 _aTekst
_btxt
_2rdacontent
337 _aBez urządzenia pośredniczącego
_bn
_2rdamedia
338 _aWolumin
_bnc
_2rdacarrier
380 _aKsiążki
388 _a1901-2000
388 _a1989-2000
490 1 _aProblemy Psychologii Klinicznej ;
_v4
504 _aBibliogr. przy pracach.
546 _aStreszcz. ang. przy pracach.
600 1 7 _aPłużek, Zenomena
_d(1926-2005)
_2DBN
650 7 _aPsychologia osobowości
_2DBN
650 7 _aPsychologia kliniczna
_2DBN
650 7 _aSamobójstwo
_2DBN
650 7 _aSchizofrenia
_2DBN
655 7 _aMateriały konferencyjne
_2DBN
658 _aPsychologia
700 1 _aOleś, Piotr
_d(1955- )
_eRedakcja
710 2 _aKatedra Psychologii Klinicznej i Osobowości (Katolicki Uniwersytet Lubelski)
710 2 _aTowarzystwo Naukowe Katolickiego Uniwersytetu Lubelskiego Jana Pawła II
_4pbl
830 0 _aProblemy Psychologii Klinicznej
_v4
856 _uhttp://koha.tu.koszalin.pl/cgi-bin/koha/opac-detail.pl?biblionumber=33906
_yKatalog online BPK
942 _2UKD
_cKS
999 _c33906
_d33906